[PAROLES] XS - Josman - Statistiques

Statistiques générales
  • Ce quiz a été pris 995 fois
  • Le résultat moyen est 359 sur 497
Statistiques - réponses
Paroles % Correct
du
100%
m'
100%
XS,
100%
à
99%
fait
99%
go
99%
Ma
99%
ma
99%
s'
99%
j'
98%
J'
98%
elle
97%
elle,
97%
sur
97%
fais
95%
fesses,
95%
fesses.
95%
ses
95%
un
95%
fixette,
94%
main
94%
une
94%
c'
93%
p'tites
91%
t'
90%
l'
84%
es
83%
qu'
83%
si
80%
comme
79%
je
79%
est
78%
fitness,
78%
la
76%
de
75%
me
75%
mon
74%
baby
73%
Baby,
73%
baby,
73%
faisait
73%
que
73%
avec
72%
dans
72%
en
72%
pour
72%
Pour
72%
suis
72%
toi
72%
toi,
72%
tes
68%
minuit
67%
rêve
67%
rondes
67%
on
66%
pince,
66%
eins.
65%
midi
65%
Oh
65%
oh
65%
billets,
64%
celle
64%
mais
64%
mes
64%
les
63%
plus
63%
gère
62%
mature,
62%
mince,
62%
voulais,
62%
qui
60%
ratures,
60%
ces
58%
corrige
58%
kiff
58%
ai
57%
business.
57%
ride,
57%
nature.
53%
inquiètes,
52%
inquiètes
52%
complexe,
51%
son
50%
yes,
49%
Yes,
49%
jours.
48%
jours,
48%
Tu
47%
tu
47%
cul,
46%
et
45%
pu,
45%
QI.
42%
au
41%
pas
41%
pense.
41%
j'ai
40%
toute
38%
bijou,
37%
dix
37%
kifferait
37%
danse,
36%
quand
36%
vu
36%
bisou,
35%
bisou.
35%
coeur
35%
fond
35%
genre
35%
tigresse.
35%
tous
35%
amour,
33%
juste
31%
veux
31%
distance,
30%
évidence,
30%
Han
30%
t'inquiètes,
30%
était
29%
golri
29%
ton
29%
ivresse,
28%
lui
28%
puits,
28%
d'puis
27%
manque.
27%
saoule,
27%
partner
26%
regard
26%
vit
26%
joues,
25%
mets
25%
pestes,
24%
toutes
24%
hante,
23%
profond
23%
sourire
23%
yeah
23%
vie,
22%
vitesse,
22%
fais-moi
21%
Rien
21%
saoules,
19%
vois
18%
réduis
17%
moins
15%
tristesse,
15%
mente,
14%
faut
12%
Rejoins-moi
11%
Hein
6%
étranglerait
4%
Aucun quiz correspondant
Distribution des résultats
% des personnes avec chaque résultat
Percentile par nombre de réponses
Votre historique - résultats
Vous n’avez pas pris ce quiz